Esperanto vo svete financií platnosť národných mien v krajinách eurozóny sa definitívne blíži ku koncu

Bibliographic Details
Main Author: Václavová, Želmíra (Author)
Format: Article
Language:Slovak
PhysicalDescription:Fotogr.
ISSN:1335-4620
Subjects:

MARC

LEADER 00000nab a2200000 a 4500
001 vtls000751803
003 SK-MaSNL
005 20260302192658.0
008 180207c2001 xo 0 slo
015 |a SNBRB2001/03-06897 
035 |a CLN000103596 
040 |a SNKBUCL  |b slo  |c SNKBUCL  |e AACR2 
041 0 |a slo 
044 |a xo  |c SK 
080 |a 339.738(4):336.744  |2 UDC-MRF-SK2 
080 |a 336.744(4)  |2 UDC-MRF-SK2 
100 1 |a Václavová, Želmíra  |4 aut  |9 845683 
245 1 0 |a Esperanto vo svete financií  |b platnosť národných mien v krajinách eurozóny sa definitívne blíži ku koncu  |c Želmíra Václavová 
300 |b Fotogr. 
650 0 7 |a únia menová európska  |x mena európska jednotná  |2 snkbucl  |9 866589 
650 0 7 |a jednotná európska mena  |2 snkbucl  |9 28024 
655 7 |a články z novín a časopisov  |2 snkbucl  |9 267496 
773 0 |x 1335-4620  |t Profit  |g Roč. 9, č. 2 (2001), s. 22-23 
850 |a Slovenská národná knižnica v Martine 
852 |a SNK  |b KIS3GCP 
958 |a RBX 
999 |c 1441674  |d 1443604